Form in tonal music: an introduction to analysis
Сохранить в:
| Главный автор: | |
|---|---|
| Формат: | |
| Язык: | английский |
| Опубликовано: |
Nueva York
Holt, Rinehart and Winston
1965
|
| Предметы: | |
| Метки: |
Добавить метку
Нет меток, Требуется 1-ая метка записи!
|
MARC
| LEADER | 00000nam a2200000 a 4500 | ||
|---|---|---|---|
| 001 | UCN2642 | ||
| 003 | CL-VaPUC | ||
| 008 | 010531e19650000US |||||||||||||||||eng|d | ||
| 082 | 0 | 4 | |a 781.8 |b GRE |2 21 |
| 100 | 0 | |a Green, Douglass M |e author |9 458729 | |
| 245 | 1 | 0 | |a Form in tonal music: an introduction to analysis |
| 300 | |a 320 p | ||
| 942 | |c BK | ||
| 945 | |d 20010531 00:00:00 |a crobeson | ||
| 260 | |a Nueva York |b Holt, Rinehart and Winston |c 1965 | ||
| 650 | 0 | |a Formas musicales |9 306416 | |
| 650 | 0 | |a Elementos musicales |9 306544 | |
| 650 | 0 | |a Análisis armónico |x Música |9 306675 | |
| 583 | |a last modification |c 20010531 00:00:00 |k Rodrigo Vera | ||
| 999 | |c 295697 |d 295695 | ||
| 952 | |0 0 |1 0 |4 0 |6 781_800000000000000_GRE_1965 |7 0 |8 A |9 349009 |a BIBEDU |b BIBEDU |d 2019-11-20 |i 1184679 |l 2 |m 2 |o 781.8 GRE 1965 |p 1184679 |r 2024-03-18 |s 2024-03-11 |w 2019-11-20 |y BK |k MUS | ||